000 00461nam a22001697a 4500
005 20250128133444.0
008 250128b |||||||| |||| 00| 0 eng d
020 _a978-81-89966-78-2
041 _aEnglish
082 _aPS 610.7365 CLE DB1326
100 _aClement I.
_9119826
245 _aMental Health Nursing- I & II for BSc Nursing Students
260 _aHyderabad
_bFrontline Publications
_c2024
300 _a582p
365 _bRs.700
942 _cDB
999 _c364891
_d364891